000
00341nam a2200133Ia 4500
008
220216s9999 xx 000 0 und d
100
_a
Ryan A
245
0
_a
Plastics as alternatives to rubber for proofing purposes
260
_b
IRI Transactions
_c
1944
300
_a
77-80
650
_a
Plastics
650
_a
Rubber proofing
942
_c
JS
999
_c
65194
_d
65194